|
|
|
|
| LEADER |
01042nam a22003132i 4500 |
| 001 |
001511972 |
| 003 |
CZ BrMZK |
| 005 |
20160630110939.0 |
| 007 |
ta |
| 008 |
160217s1987 xr a er|||||||||||cze d |
| 015 |
|
|
|a cnb000034881
|
| 035 |
|
|
|a (OCoLC)39408427
|
| 040 |
|
|
|a ABA001
|b cze
|d ABA001
|d OLA001
|d BOA001
|e rda
|
| 080 |
9 |
|
|a 087.5
|
| 080 |
9 |
|
|a 084.1(02.053.2)
|
| 100 |
1 |
|
|a Gebhartová, Vladimíra,
|d 1931-2018
|7 jk01032057
|4 aut
|
| 245 |
1 |
0 |
|a Kdo hledá, najde /
|c Scénář Vladimíra Gebhartová ; nakreslila Věra Krumphanzlová
|
| 250 |
|
|
|a 1. vydání
|
| 264 |
|
1 |
|a Praha :
|b Panorama,
|c 1987
|
| 300 |
|
|
|a 12 nečíslovaných stran :
|b ilustrace ;
|c 16x25 cm
|
| 336 |
|
|
|a text
|b txt
|2 rdacontent
|
| 337 |
|
|
|a bez média
|b n
|2 rdamedia
|
| 338 |
|
|
|a svazek
|b nc
|2 rdacarrier
|
| 500 |
|
|
|a 15000 výt.
|
| 700 |
1 |
|
|a Krumphanzlová, Věra,
|d 1946-
|7 jk01063555
|4 ill
|
| 910 |
|
|
|a BOA001
|b M2-0920.261
|
| 990 |
|
|
|a BK
|
| 991 |
|
|
|b 201602
|
| 996 |
6 |
|
|b 2619146335
|c M2-0920.261
|l MZK
|r Sklad / do 24 hodin
|n 0
|w 001547332
|u 000010
|a 1
|e BOA001
|j MZK50
|s P
|